00860 a2200229 4500000002100000001000700021005001700028008004100045020001800086082001400104100004200118245008400160250001200244260002500256300001000281690007000291700003300361700002900394999001700423952009500440952009500535BKB 13707920200902153150.0  a9780813808741 a664bF73F1 aFood biochemistry and food processing1 aFood biochemistry and food processingcedited by Benjamin K. Simpson...[et.al.] a2nd ed. aUSAbBlackwellc2012 a896p. aFood industry and trade-Research; Food-Analysis; Food-Composition aSimpson, Benjamin K. ed.bc aNollet, Leo M.L. ed.bc c10125d10125 00104070aCURAJbCURAJd2014-03-12g0.00l0o664 F73Fp12307r2024-11-21w2020-09-02yBK 00104070aCURAJbCURAJd2014-03-12g0.00l0o664 F73Fp12306r2024-11-21w2020-09-02yBK